000 007230000a22002170004500
001 768714001
003 CO-MdFUSB
005 20170419121512.0
008 161029s1999 cr ||||| |||| 00| 0 spa d
040 _bspa
_cCO-MdFUSB
_dCO-MdFUSB
_erda
_aCO-MdFUSB
041 _aspa
245 0 0 _aLa misión integral de la iglesia :
_cen busca del equilibrio
300 _aVolumen 1-4, número 1-12, (1999), Páginas 5-7
_c27 cm.
336 _2rdacontent
337 _2rdamedia
546 _aTexto en español
650 1 4 _aTRABAJO SOCIAL CON NIÑOS
_vPublicaciones seriadas
773 0 _tAlcanzando a los Niños en Riesgo
_d1999
_gVolumen 1, Número. 4 (1999), -7
_049458
_960566
_qPágina 5
942 _cANA
_2ddc
_a2
999 _c49537
_d49537